000 00445ntaaa2200181 4500
003 01
005 20251027201930.0
008 0714s1973 ag 01
040 _aAR-BaBN
_bspa
_cAR-BaBN
_eaacr
_dRIC
082 _a244.4160 R81d
100 _aRoyer, Mae R.
_917879
245 _aDramas de Navidad
250 _a1 ed.
260 _aMéxico :
_bImpresora Mexicana S.A.,
_c1954
300 _a33 p.
650 _aNavidad-Dramatización
942 _cBK
999 _c14030
_d14030